000 00725nas a2200241 4500
001 BR9209008
003 BR-BrBNA
005 20231205093210.0
007 ta
008 230509b bl.|||p| |||| 00| 00por d
040 _aBR-BrBNA
_bpor
_cBiblioteca Nacional de Agricultura
041 _a(Pt)
072 _aP34
100 1 _aAuer, C.G.
100 1 _aBettiol, W.
245 1 _aEfeito da serapilheira de Eucalyptus grandis no crescimento micelial de Pisolithus tinctorius em meio de cultura
650 _aEUCALIPTO
650 _aMICELIO
650 _aMICORRIZA
773 0 _tIPEF (Brazil)
_xISSN 0100-4557
_g(Apr 1986), (no. 32) p. 49-52
_wBR9209008
909 _a202311
_bLúcia
_c55
_dLúcia Elande
942 _2AGRIS
_n0
_cANA
999 _c136802
_d136802